000
00322nam a2200133Ia 4500
005
20260328104342.0
008
260328s9999||||xx |||||||||||||| ||und||
100
_a
Sassmannshausen, Katja
245
0
_a
Argentina /
_c
Katja Sassmannshausen
260
_b
Könemann
300
_a
460 p.
650
_a
ARGENTINA
942
_c
BK
999
_c
12164
_d
12164